000 01847nam a22002537a 4500
999 _c148128
_d148128
005 20181128114701.0
010 _aराष्ट्रपति B-685138 B-707385-415 B-712870
020 _a9789384344139
_c350.00
035 _aB-685138
035 _aB-707385-415
035 _aB-712870
037 _bप्रभात प्रकाशन
037 _bज्ञान विज्ञान एजूकेयर
082 _a
100 _aप्रेम़चन्द
245 _aसेवासदन /
_cप्रेम़चन्द
260 _aनई दिल्ली
_bज्ञान-विज्ञान एजुकेयर
_c2016
_c2019
270 _a3639,प्रथम तल, नेताजी सुभाष मार्ग ,दरियागंंज
_bनई दिल्ली
_e110002
300 _a271पृ.
_c21 सेमी.(सजिल्द)
942 _2ddc
_cHN
_mप्रेमचं
_h